| 000 | 00948nam a2200253 i 4500 | ||
|---|---|---|---|
| 001 | 47874 | ||
| 003 | ES-MaACL | ||
| 005 | 20250902225542.0 | ||
| 007 | t| | ||
| 008 | 030623s2001 sp bd ||||0| spa j | ||
| 020 | _a84-95163-60-8 | ||
| 080 | _a338.1(460-35)"19" | ||
| 100 | 1 |
_aGoerlich, Francisco J. _957565 |
|
| 245 | 1 | 3 |
_aLa evolución económica de las provincias españolas _b: (1955-1998) / _cFrancisco J. Goerlich Gisbert, Matilde Mas Ivars ; prólogo, Francisco Pérez García. |
| 260 |
_aBilbao : _bFundación BBVA, _c[2001] |
||
| 300 |
_a2 v. : _bgráf., mapas ; _c23 cm. |
||
| 505 | 8 |
_aContiene: v. 1 ; _tCapitalización y crecimiento - v. 2 ; _tDesigualdad y convergencia |
|
| 651 | 4 |
_aEspaña- _xSituación económica- _yS.XX. _98505 |
|
| 700 | 1 |
_aMas, Matilde. _978620 |
|
| 700 | 1 |
_aPérez, Francisco, _d1950- _9234242 |
|
| 710 | 2 |
_aFundación BBVA _94230 |
|
| 852 |
_aES-MaACL _jL-26426-7 |
||
| 999 |
_c47874 _d47874 |
||